Fiqh us-sunnah: (Record no. 8686)

MARC details
000 -LEADER
fixed length control field 01073nam a2200193Ia 4500
008 - FIXED-LENGTH DATA ELEMENTS--GENERAL INFORMATION
fixed length control field 081213s9999 xx 000 0 und d
050 ## - LIBRARY OF CONGRESS CALL NUMBER
Classification number BP184
Item number .S27 1985
082 ## - DEWEY DECIMAL CLASSIFICATION NUMBER
Classification number 297.124
Item number SAB
100 ## - MAIN ENTRY--PERSONAL NAME
Personal name Sabiq, Sheikh Sayyid
245 ## - TITLE STATEMENT
Title Fiqh us-sunnah:
Remainder of title doctrine of sunnah of the Holy Prophet.
Statement of responsibility, etc Sheikh Sayyid Sabiq.
260 ## - PUBLICATION, DISTRIBUTION, ETC. (IMPRINT)
Date of publication, distribution, etc 1985
Place of publication, distribution, etc New Delhi.
Name of publisher, distributor, etc Millat Book Centre.
300 ## - PHYSICAL DESCRIPTION
Extent 487p.
Dimensions 25cm.
650 ## - SUBJECT ADDED ENTRY--TOPICAL TERM
Topical term or geographic name as entry element Purity, ritual--Islam.
-- prayer--Islam.
942 ## - ADDED ENTRY ELEMENTS (KOHA)
Item type Book
Source of classification or shelving scheme Library of Congress Classification
Holdings
Withdrawn status Lost status Source of classification or shelving scheme Damaged status Not for loan Collection code Home library Current library Shelving location Date acquired Total Checkouts Full call number Barcode Copy number Price effective from Koha item type
    Library of Congress Classification     Non-fiction Bishop Okullu Memorial Library (Limuru Campus) Bishop Okullu Memorial Library (Limuru Campus) General Circulation 10/12/2009   BP184 .S27 1985 014923 Vol. II 10/12/2009 Book
    Library of Congress Classification     Non-fiction Bishop Okullu Memorial Library (Limuru Campus) Bishop Okullu Memorial Library (Limuru Campus) General Circulation 10/12/2009   BP184 .S27 1985 014924 Vol. III 10/12/2009 Book
    Library of Congress Classification     Non-fiction Bishop Okullu Memorial Library (Limuru Campus) Bishop Okullu Memorial Library (Limuru Campus) General Circulation 10/12/2009   BP184 .S27 1985 014925 Vol. IV 10/12/2009 Book
    Library of Congress Classification     Non-fiction Bishop Okullu Memorial Library (Limuru Campus) Nakuru Campus General Circulation 15/12/2008   BP184 .S27 1985 014922 Vol.I 15/12/2008 Book